000 01188cam a22003257a 4500
003 CHAP
005 20220329142429.0
008 971013s1998 mx a r 00010 spa d
010 _a83339
011 _a84311
035 _a94831
040 _cCHAP
082 _a621.436
_bM3Y 1998
100 0 0 _aThiessen, Frank J.
_9112782
245 0 _aManual de mecánica diesel
_c/por Frank J. Thiessen and Davis N. Dales.
250 _a3 ed.
260 _aMéxico, D.F. :
_bPrentice-Hall Hispanoamericana,
_c1998.
300 _a3 v.
_b: ilus
500 _aTrad. de Diesel fundamentals : principles and service de la 3ed. de 1998
590 _aBATCH-UPD
_b10
_c20130110
_lUCH01
_h1337
590 _aCONVERSION
_b10
_c20130109
_lUCH01
_h1346
650 1 4 _aMotores diesel.
_979100
700 0 _aDales, Davis N.
_930940
901 _aBK
905 _aMayto Villalobos S.
942 _cLIBRO
949 _a621.436 M3Y 1998
_bBC
_cLIBRO
_d33724000800132
_eLIBRO
_fv.1
_gI.208383
_h99372
_i94831
_si
_t$1.300.00
949 _a621.436 M3Y 1998
_bBC
_cLIBRO
_d33724000800199
_eLIBRO
_fv.2
_gI.208383
_h99373
_i94831
_si
949 _a621.436 M3Y 1998
_bBC
_cLIBRO
_d33724000800256
_eLIBRO
_fv.3
_gI. 208383
_h99496
_i94831
_si
999 _c83339
_d83339